00345nam a2200097Ia 4500245002400000100006100024942000700085008004100092999001900133952009500152 0aStorm oor Saringwa  a BIERMAN, Ettie Pretoria, 1992 Grootdrukuitg 955381 cBK210817s9999 xx 000 0 und d c464492d464491 00104070aGRASLbGRASLd2021-08-23g67.00l0p33228014186231r2021-08-23w2021-08-23yBK